| 000 | 00421nam a22001697a 4500 | ||
|---|---|---|---|
| 003 | OSt | ||
| 005 | 20260102092816.0 | ||
| 008 | 260102b |||||||| |||| 00| 0 eng d | ||
| 040 |
_aLC _cJCSC |
||
| 050 |
_aDS 918 _b.O23 1980 |
||
| 100 | _aEdgar O'Ballance | ||
| 245 |
_akorea:1950-1953 / _cO'Ballance E. |
||
| 260 |
_aIndia : _bNatraj ; _c1980. |
||
| 300 | _a171 pages. | ||
| 504 | _aIncludes index. | ||
| 942 |
_2lcc _cBK _n0 |
||
| 999 |
_c23395 _d23394 |
||